000 00817nam a2200229 i 4500
001 169189
003 ES-MaACL
005 20250824012601.0
008 080821s1958 sp f |||| | spa d
080 _a792
100 1 _aDicenta, Manuel.
_9138253
245 1 0 _aLo sustantivo y lo adjetivo en el espectáculo dramático /
_cManuel Dicenta.
260 _aMadrid :
_bAteneo,
_c1958.
300 _a40 p. :
_b1 lám. ;
_c19 cm.
490 1 _aColección "O crece o muere" ;
_v119
500 _aEsta conferencia fue pronunciada por su autor en el Ateneo de Madrid el día 20 de febrero de 1957.
610 2 7 _aAteneo de Madrid-
_vConferencias-
_y1940-1982.
_91908
650 7 _aTeatro
_2embne
_917290
830 0 0 _aColección "O crece o muere"
_v119
_9183476
852 _aES-MaACL
_j2242-F-20
999 _c169189
_d169189